LEADER 00915nas a2200241 i 4500 001 000000247687 003 CaOOAMICUS 005 20160322000000.0 008 160201b2015 it uu u0 0ita r 013 $a226592 020 $a978-88-7094-909-4 040 $aSeMil$bita 100 1 $aCarpin, Attilio,$c.$0(OLS)http://semarc/name/90417 245 10$aAmare l'amore, la carità in sant'Agostino /$cAttilio Carpin. 260 $aBologna :$bESD,$ccopyr. 2015. 300 $a226 p. ;$c21 cm. 774 0 $t[vedi periodico].$w()288561 850 $aSeMil 852 $aSeMil$W1$xVenegono$y1$m232 4 102$j198033$B198033$CSeMilBibl$Z2$F209899 $85 961 $aCambio: Scuola Cattolica 996 $6020$a978-88-7094-909-4$9(OLS)http://semarc/number/257090 996 $6245$aAmare l'amore, la carità in sant'Agostino$9(OLS)http://semarc/title/349696 996 $6260$aBologna :$bESD$9(OLS)http://semarc/publisher/30112 LEADER 01197nam a2200301 i 4500 001 000000087460 003 CaOOAMICUS 005 20180830150021.0 008 180830s1951 xx u000 u und u 013 $a59700 020 $a88-245- 040 $aSeMil$bita 100 1 $aWeil, Simone,$d<1909-1943>.$0(OLS)http://semarc/name/8684 240 13$aLa pesanteur et la grâce.$0(OLS)http://semarc/title/133523 245 12$aL'ombra e la grazia. 260 $aMilano :$bEdizioni di Comunità,$c1951. 300 $a214 p. 490 0 $aCollana di Comunità 650 4$aAmore.$0(OLS)http://semarc/subject/5789 650 4$aGrazia divina.$0(OLS)http://semarc/subject/229 650 4$aObbedienza.$0(OLS)http://semarc/subject/10045 650 4$aGesù Cristo - Croce.$0(OLS)http://semarc/subject/5017 830 0$aCollana di Comunità.$0(OLS)http://semarc/title/7469 850 $aSeMil 852 $aSeMil$W1$xVenegono$y1$m102 6 15 *$j50945$B50945$CSeMilBibl$Z2$F55059 $81 996 $6020$a88-245-$9(OLS)http://semarc/number/67510 996 $6245$aL'ombra e la grazia$9(OLS)http://semarc/title/133522 996 $6260$aMilano :$bEdizioni di Comunità$9(OLS)http://semarc/publisher/31458